ATP Rankings 1-50 - Statistics

General Stats
  • This quiz has been taken 31 times
    14 since last reset
  • The average score is 32 of 50
Answer Stats
Ranking Country Player % Correct
16 Germany Alexander Zverev
100%
1 Spain Carlos Alcaraz
100%
4 Norway Casper Ruud
100%
3 Russia Daniil Medvedev
100%
20 Bulgaria Grigor Dimitrov
100%
6 Denmark Holger Rune
100%
17 Poland Hubert Hurkacz
100%
8 Italy Jannik Sinner
100%
2 Serbia Novak Djokovic
100%
5 Greece Stefanos Tsitsipas
100%
18 Australia Alex De Minaur
93%
7 Russia Andrey Rublev
93%
12 Canada Felix Auger-Aliassime
93%
11 Russia Karen Khachanov
93%
9 USA Taylor Fritz
93%
13 Great Britain Cameron Norrie
86%
19 Italy Lorenzo Musetti
86%
14 USA Tommy Paul
86%
41 USA Ben Shelton
79%
15 Croatia Borna Coric
79%
10 USA Frances Tiafoe
79%
26 Kazakhstan Alexander Bublik
71%
45 France Arthur Fils
71%
48 Switzerland Stan Wawrinka
71%
24 Germany Jan Lennard Struff
64%
23 Spain Pablo Carreno Busta
64%
22 Canada Denis Shapovalov
57%
21 Argentina Francisco Cerundolo
57%
39 Italy Lorenzo Sonego
57%
25 Chile Nicolas Jarry
57%
35 Netherlands Tallon Griekspoor
57%
33 France Ugo Humbert
57%
36 Czech Republic Jiri Lehecka
50%
38 Italy Matteo Berretini
50%
32 Spain Roberto Bautista Agut
50%
28 France Adrian Mannarino
43%
46 Netherlands Botic van de Zandschulp
43%
30 Great Britain Daniel Evans
43%
43 Serbia Miomir Kecmanovic
43%
31 USA Sebastian Korda
43%
44 Japan Yoshihito Nishioka
43%
37 Spain Alejandro Davidovich Fokina
36%
34 Serbia Laslo Djere
36%
29 Argentina Tomas Martin Etcheverry
29%
50 Russia Roman Safiullin
21%
49 Germany Yannick Hanfmann
21%
27 USA Christopher Eubanks
14%
42 USA J.J. Wolf
14%
40 Great Britain Andy Murrary
0%
47 Argentina Pedro Cachin
0%
No matching quizzes found
Score Distribution
Percent of People with Each Score
Percentile by Number Answered
Your Score History
You have not taken this quiz since the last reset